GCEC 2017 Proceedings of the 1st Global Civil Engineering Conference /

This book gathers the proceedings of the 1st Global Civil Engineering Conference, GCEC 2017, held in Kuala Lumpur, Malaysia, on July 25-28, 2017. It highlights how state-of-the-art techniques and tools in various disciplines of Civil Engineering are being applied to solve real-world problems. The bo...

Πλήρης περιγραφή

Λεπτομέρειες βιβλιογραφικής εγγραφής
Συγγραφή απο Οργανισμό/Αρχή: SpringerLink (Online service)
Άλλοι συγγραφείς: Pradhan, Biswajeet (Επιμελητής έκδοσης, http://id.loc.gov/vocabulary/relators/edt)
Μορφή: Ηλεκτρονική πηγή Ηλ. βιβλίο
Γλώσσα:English
Έκδοση: Singapore : Springer Singapore : Imprint: Springer, 2019.
Έκδοση:1st ed. 2019.
Σειρά:Lecture Notes in Civil Engineering, 9
Θέματα:
Διαθέσιμο Online:Full Text via HEAL-Link
LEADER 04173nam a2200577 4500
001 978-981-10-8016-6
003 DE-He213
005 20191023112639.0
007 cr nn 008mamaa
008 180512s2019 si | s |||| 0|eng d
020 |a 9789811080166  |9 978-981-10-8016-6 
024 7 |a 10.1007/978-981-10-8016-6  |2 doi 
040 |d GrThAP 
050 4 |a TA1-2040 
072 7 |a TN  |2 bicssc 
072 7 |a TEC009020  |2 bisacsh 
072 7 |a TN  |2 thema 
082 0 4 |a 624  |2 23 
245 1 0 |a GCEC 2017  |h [electronic resource] :  |b Proceedings of the 1st Global Civil Engineering Conference /  |c edited by Biswajeet Pradhan. 
250 |a 1st ed. 2019. 
264 1 |a Singapore :  |b Springer Singapore :  |b Imprint: Springer,  |c 2019. 
300 |a XIX, 1541 p. 886 illus., 681 illus. in color.  |b online resource. 
336 |a text  |b txt  |2 rdacontent 
337 |a computer  |b c  |2 rdamedia 
338 |a online resource  |b cr  |2 rdacarrier 
347 |a text file  |b PDF  |2 rda 
490 1 |a Lecture Notes in Civil Engineering,  |x 2366-2557 ;  |v 9 
505 0 |a Influence of polyethylene and stainless-steel fibers on compressive and tensile behavior of High Performance Fiber Reinforced Cementitious Composites -- RC column repaired with HPFRCC and confined with CFRP: numerical analyses to evaluate the column section capacity -- Overall Significance's Rank of Leadership Factors Amongst Critical Success Factors for Construction Projects -- Comparative Study on Change Orders in Building Projects -- Numerical Modeling for Twin Horizontal Circle Tunnels under Static and Dynamic Loads -- Critical Crack-Tip Opening Displacement of SCLC -- Glass Footbridge -- The Use of Polystyrene as Substitute of Sand in Pontoon Concrete -- Probabilistic analysis of slopes by finite element method -- Study of vehicle-bridgecoupled vibration using MATLAB/ Simulink -- Climate Change-Causes, Impacts, Mitigation: A Review -- Frontier in Three-Dimensional Cave Reconstruction - 3D Meshing Versus Textured Rendering -- Contributions of dry and wet weather runoffs to annual pollutant loading in tropical urban catchments. 
520 |a This book gathers the proceedings of the 1st Global Civil Engineering Conference, GCEC 2017, held in Kuala Lumpur, Malaysia, on July 25-28, 2017. It highlights how state-of-the-art techniques and tools in various disciplines of Civil Engineering are being applied to solve real-world problems. The book presents interdisciplinary research, experimental and/or theoretical studies yielding new insights that will advance civil engineering methods. The scope of the book spans the following areas: Structural, Water Resources, Geotechnical, Construction, Transportation Engineering and Geospatial Engineering applications. 
650 0 |a Civil engineering. 
650 0 |a Geotechnical engineering. 
650 0 |a Remote sensing. 
650 0 |a Hydrology. 
650 0 |a Climate change. 
650 0 |a Optical data processing. 
650 1 4 |a Civil Engineering.  |0 http://scigraph.springernature.com/things/product-market-codes/T23004 
650 2 4 |a Geotechnical Engineering & Applied Earth Sciences.  |0 http://scigraph.springernature.com/things/product-market-codes/G37010 
650 2 4 |a Remote Sensing/Photogrammetry.  |0 http://scigraph.springernature.com/things/product-market-codes/J13010 
650 2 4 |a Hydrology/Water Resources.  |0 http://scigraph.springernature.com/things/product-market-codes/211000 
650 2 4 |a Climate Change/Climate Change Impacts.  |0 http://scigraph.springernature.com/things/product-market-codes/313000 
650 2 4 |a Image Processing and Computer Vision.  |0 http://scigraph.springernature.com/things/product-market-codes/I22021 
700 1 |a Pradhan, Biswajeet.  |e editor.  |4 edt  |4 http://id.loc.gov/vocabulary/relators/edt 
710 2 |a SpringerLink (Online service) 
773 0 |t Springer eBooks 
776 0 8 |i Printed edition:  |z 9789811080159 
776 0 8 |i Printed edition:  |z 9789811080173 
776 0 8 |i Printed edition:  |z 9789811340420 
830 0 |a Lecture Notes in Civil Engineering,  |x 2366-2557 ;  |v 9 
856 4 0 |u https://doi.org/10.1007/978-981-10-8016-6  |z Full Text via HEAL-Link 
912 |a ZDB-2-ENG 
950 |a Engineering (Springer-11647)